00000000nem##2200000za#4500
0019.548384
003CaOODSP
00520200326233344
007aj |a|||
008150406|2009||||xxc||||   a##f  |   eng|d
020 |a978-0-660-64263-5
022 |a1915-884X
040 |aCaOODSP|beng
041 |aeng
041 |afre
043 |an-cn---
0861 |aM116-2/063E04
1101 |aCanada.|bNatural Resources Canada. |bCentre for Topographic Information.
24510|aArborfield, Saskatchewan : |h[cartographic material]|bwest of second meridian
250 |aEd. 04, version 00
255 |aScale 1:50,000
260 |aOttawa - Ontario : |bNatural Resources Canada. |c2009.
300 |a1 sheet. : |bcoloured map ; |c75 cm.
4901 |aCanadian topographic maps|x1915-884X|v63-E/4
500 |aSeries A742. Includes a legend.
590 |a10-20|b2010-05-21
7760#|tArborfield, Saskatchewan : |w(CaOODSP)9.583574
792 |tArborfield, Saskatchewan : |efre|w(CaOODSP)9.548385
830#0|aCanadian topographic maps,|x1915-884X|v63-E/4|w(CaOODSP)9.511450